| 000 | 00371cam a22001217a 4500 | ||
|---|---|---|---|
| 008 | 180718b1966 xxu||||| |||| 00| 0 eng d | ||
| 082 | _aT000x73 M778 | ||
| 100 | _aMoomaw, L.W | ||
| 245 |
_aThe challenge of hunger: a program for more effective foreign aid _cby L.W Moomaw |
||
| 260 |
_aNew York _bPraeger _c1966 |
||
| 300 | _a222p. | ||
| 650 | _aEconomic assistance, American | ||
| 999 |
_c374651 _d374651 |
||